|
|
|
|
| LEADER |
00000nam a2200000Ia 4500 |
| 003 |
009717 |
| 005 |
20231205132413.0 |
| 008 |
140114s2005 cr a m 000 ||s d |
| 040 |
|
|
|c cru CEDI
|
| 090 |
|
|
|a TFG 5246
|
| 100 |
|
|
|a Murillo Sánchez, Jorge Enrique, 1978-
|9 1950
|
| 245 |
|
|
|a Estudio basico de contaminación de aceites dieléctricos mediante laser
|
| 260 |
|
|
|c [San José, Costa Rica]
|b 2006
|
| 300 |
|
|
|a viii, 74 hojas : ilustraciones (algunas a color)
|
| 500 |
|
|
|a Proyecto de graduación (bachiller en ingeniería eléctrica)--Universidad de Costa Rica. Facultad de Ingeniería. Escuela de Ingeniería Eléctrica
|
| 650 |
|
|
|x TRANSFORMADORES ELECTRICOS
|x ACEITES PARA AISLADORES ELECTRICOS
|x TOXICOLOGIA
|x DIELECTRICOS
|x RAYOS LASERS
|x PRUEBAS
|9 5620
|
| 700 |
|
|
|9 5621
|a Marchena Picado, Verny José
|
| 942 |
|
|
|c TFG
|h TFG 5246
|i 009717
|6 TFG_5246_009717000000000
|
| 999 |
|
|
|c 17178
|d 17178
|